Statistiche per Nomi latini di città italiane

Clicka qui per fare il quiz!

Statistiche generali

  • Questo quiz è stato fatto 141 volte
  • Il punteggio medio è 26 su 53

Statistiche sulle risposte

Città in latinoCittà in italiano% Corretto
BariumBari
93%
BrundisiumBrindisi
92%
FlorentiaFirenze
92%
GenuaGenova
92%
NeapolisNapoli
90%
AbellinumAvellino
89%
MessanaMessina
89%
SyracusaeSiracusa
89%
MantuaMantova
88%
MediolanumMilano
83%
PerusiaPerugia
83%
PlacentiaPiacenza
82%
PistoriumPistoia
81%
CatinaCatania
80%
ArretiumArezzo
74%
AriminumRimini
70%
BononiaBologna
68%
Augusta TaurinorumTorino
66%
RodigiumRovigo
62%
FirmumFermo
61%
LeucumLecco
57%
PanormusPalermo
54%
BrixiaBrescia
51%
TarvisiumTreviso
51%
UtinumUdine
49%
Augusta PretoriaAosta
47%
CaralisCagliari
44%
TergesteTrieste
44%
PataviumPadova
43%
HastaAsti
40%
Sena IuliaSiena
39%
TridentumTrento
37%
Forum LiviiForlì
36%
NugorNuoro
31%
PisaurumPesaro
30%
CataciumCatanzaro
28%
MutinaModena
28%
BugellaBiella
24%
FoveaFoggia
23%
LupiaeLecce
23%
BarolumBarletta
21%
DrepanumTrapani
21%
NissaCaltanissetta
20%
TicinumPavia
20%
TeateChieti
17%
BaretiumVarese
17%
AternumPescara
16%
Laus NovaLodi
12%
Portus NaonisPordenone
10%
Pons DrusiBolzano
9%
ModiciaMonza
9%
InteramnaTeramo
9%
TurneumTrani
5%

Distribuzione punteggi

Percentile per numero di risposta

Percentuale di utenti per punteggio

I tuoi punteggi nel tempo

Non hai fatto questo quiz